Meyers Konversationslexikon <eine> Encyklopädie des allgemeinen Wissens

Gespeichert in:
Bibliographische Detailangaben
Format: Buch
Sprache:Deutsch
Veröffentlicht: Leipzig Verlag des Bibliographischen Instituts 1886
Ausgabe:4. gänz. umgearb. Aufl.
Tags: Tag hinzufügen
Keine Tags, Fügen Sie das erste Tag hinzu!

MARC

LEADER 00000nam a2200000 4500
001 c121502
005 20041019155222.6
041 0 |a ger 
044 |a DE 
245 1 0 |a Meyers Konversationslexikon  |b <eine> Encyklopädie des allgemeinen Wissens 
250 |a 4. gänz. umgearb. Aufl. 
264 1 |a Leipzig  |b Verlag des Bibliographischen Instituts  |c 1886 
300 |a 1024 s.